000 00671nam a2200217 i 4500
001 bg
100 1 _aGUTKOWSKI, Bogdan
245 1 0 _aAktualne przepisy w ochronie środowiska /
_c[aut. Bogdan Gutkowski] ; Agencja Ochrony Środowiska w Koszalinie.
250 _aStan prawny na dzień 30 kwietnia 1999 r.
260 _aKoszalin :
_bAOŚ,
_c1999.
300 _a186 s. ;
_c30 cm.
500 _aVerso kart nie zadrukowane.
650 9 _aŚrodowisko człowieka
_xochrona
_xprawo
_zPolska
020 _a8390925044
040 _cBPK
041 0 _apl
080 _a504:349.6](438)
920 _a83-909250-4-4
942 _cKS
008 s pl f |000 0 pol
999 _c34722
_d34722
856 _uhttp://koha.tu.koszalin.pl/cgi-bin/koha/opac-detail.pl?biblionumber=34722
_yKatalog online BPK